000 00624nmm a22001697a 4500
005 20131217132231.0
008 131217b2007 ck ||||| |||| 00| 0 spa d
041 _aspa
044 _ack
090 _aLB
_b05878
100 _aMonroy-González, José Daniel
_93410
245 _aDelimitación y estructura del bosque seco del santuario de flora y fauna de iguaque
260 _aTunja
_bUniversidad Pedagógica y Tecnológica de Colombia
_bParques Nacionales Naturales
_bGrupos de estudios en sistemas Andinos
_c2007
300 _a16 p.,
_bil., mapas, gráficas,
_c13 cm
504 _aIncluye bibliografía
942 _2z
_cCD-ROM
999 _c8079
_d8079